[Event "VI Weekend A"]
[Site "Porto Sant'Elpidio ITA"]
[Date "2003.11.23"]
[Round "5"]
[White "Di Martino, Antonio"]
[Black "Rinaudo, Andrea"]
[Result "0-1"]
[WhiteElo "2053"]
[BlackElo "1933"]
[PlyCount "146"]
[EventDate "2003.11.15"]

1. e4 c5 2. Nf3 e6 3. d4 cxd4 4. Nxd4 Nf6 5. Nc3 a6 6. Bg5 d6 7. f4 Nbd7 8. Qf3
Qc7 9. O-O-O Be7 10. g4 b5 11. Bd3 Bb7 12. Bxf6 Bxf6 13. Nce2 Qa5 14. Kb1 g6
15. h4 Qb4 16. c3 Qc5 17. g5 Bg7 18. h5 Rg8 19. Qg4 O-O-O 20. Bc2 Kb8 21. h6
Bh8 22. Rd2 b4 23. Rh3 a5 24. cxb4 axb4 25. a3 Nb6 26. Nb3 Qb5 27. Ned4 Qa4 28.
Nc5 Qa5 29. Nxb7 Kxb7 30. Nb3 Qb5 31. Bd3 Qa4 32. Qe2 Bc3 33. Bc2 Bxd2 34. Nc5+
dxc5 35. Bxa4 Nxa4 36. Qb5+ Nb6 37. a4 Bxf4 38. a5 Rd1+ 39. Ka2 Bc7 40. Rf3 Rf8
41. Qxc5 Rdd8 42. Qxb4 Ra8 43. Ra3 Kc6 44. axb6 Bxb6 45. Kb3 Bc5 46. Qc4 Rxa3+
47. bxa3 Rb8+ 48. Kc2 Ra8 49. a4 Ra5 50. Kb3 Kd6 51. Qd3+ Ke7 52. Qc3 Bb6 53.
Qg7 Ra8 54. Qxh7 Bd4 55. Kc4 Be5 56. Kb5 Bc3 57. Kc4 Rh8 58. Qxh8 Bxh8 59. Kb5
f5 60. gxf6+ Kxf6 61. a5 Kf7 62. a6 Bd4 63. Kc6 g5 64. h7 Kg7 65. Kd6 g4 66.
Kxe6 g3 67. Kd7 Kxh7 68. e5 g2 69. e6 g1=Q 70. e7 Qg4+ 71. Kd8 Bb6+ 72. Ke8 Kg7
73. a7 Qc8# 0-1

[Event "VI Weekend A"]
[Site "Porto Sant'Elpidio ITA"]
[Date "2003.11.23"]
[Round "5"]
[White "Di Matteo, Giovanni"]
[Black "Miandro, Roberto"]
[Result "0-1"]
[WhiteElo "1816"]
[BlackElo "1936"]
[PlyCount "106"]
[EventDate "2003.11.15"]

1. d4 d5 2. Nf3 c5 3. c3 e6 4. Bf4 Bd6 5. Bg3 Qc7 6. e3 a6 7. a4 b6 8. Bd3 Nd7
9. Nbd2 Bb7 10. Qe2 Ngf6 11. e4 dxe4 12. Nxe4 Nxe4 13. Bxe4 Bxe4 14. Qxe4 O-O
15. Bxd6 Qxd6 16. O-O Nf6 17. dxc5 Qxc5 18. Qd4 Qxd4 19. Nxd4 Rac8 20. Rfd1 g6
21. Rd3 Rfd8 22. Rad1 Rd5 23. Nc2 Rcd8 24. Rxd5 Rxd5 25. Rxd5 Nxd5 26. c4 Nc7
27. b4 Kf8 28. Kf1 Ke7 29. Ke2 Kd6 30. Ke3 e5 31. f4 exf4+ 32. Kxf4 Ne6+ 33.
Ke4 f5+ 34. Ke3 Ke5 35. g3 g5 36. Ne1 f4+ 37. gxf4+ gxf4+ 38. Kd3 Nd4 39. Ng2
Nc6 40. c5 Nxb4+ 41. Kc4 bxc5 42. Kxc5 Nd5 43. a5 Ne3 44. Ne1 Ke4 45. Kb6 Nc4+
46. Kxa6 f3 47. Nxf3 Kxf3 48. Kb5 Nxa5 49. Kxa5 Kg4 50. Kb4 h5 51. Kc3 Kh3 52.
Kd2 Kxh2 53. Ke2 Kg2 0-1

[Event "VI Weekend A"]
[Site "Porto Sant'Elpidio ITA"]
[Date "2003.11.23"]
[Round "5"]
[White "Fioravanti, Diego"]
[Black "Di Donatantonio, Franco"]
[Result "0-1"]
[WhiteElo "1879"]
[BlackElo "1837"]
[PlyCount "77"]
[EventDate "2003.11.15"]

1. e4 c5 2. Nf3 e6 3. d4 cxd4 4. Nxd4 Nc6 5. Be3 Nf6 6. Nc3 Bb4 7. Ndb5 d5 8.
Bg5 O-O 9. a4 Be7 10. Be2 Nxe4 11. Bxe7 Qxe7 12. O-O Nxc3 13. Nxc3 d4 14. Ne4
e5 15. Qd2 f5 16. Ng5 h6 17. Nf3 Be6 18. Rae1 Qf6 19. Bb5 e4 20. Qe2 a6 21.
Bxc6 bxc6 22. Nd2 c5 23. g4 g6 24. gxf5 gxf5 25. Kh1 Bd5 26. Rg1+ Kh8 27. Nf1
e3+ 28. f3 Rg8 29. c4 Bc6 30. b4 f4 31. Rg2 d3 32. Qd1 Rxg2 33. Kxg2 Qg5+ 34.
Kh1 e2 35. Qa1+ Kh7 36. Nd2 Rg8 37. Rg1 Qxg1+ 38. Qxg1 Rxg1+ 39. Kxg1 0-1

[Event "VI Weekend A"]
[Site "Porto Sant'Elpidio ITA"]
[Date "2003.11.23"]
[Round "5"]
[White "Luzi, Alessandro"]
[Black "Di Lascio, Savino"]
[Result "1/2-1/2"]
[WhiteElo "1759"]
[BlackElo "2101"]
[PlyCount "225"]
[EventDate "2003.11.15"]

1. e4 c6 2. d4 d5 3. e5 Bf5 4. Ne2 e6 5. Ng3 Bg6 6. h4 h5 7. Be2 c5 8. c3 Nc6
9. Bxh5 Bxh5 10. Nxh5 g6 11. Ng3 Rxh4 12. Rxh4 Qxh4 13. Nd2 cxd4 14. Nf3 Qg4
15. cxd4 Bb4+ 16. Bd2 Bxd2+ 17. Qxd2 Nge7 18. O-O-O Nf5 19. Nxf5 gxf5 20. Qg5
Kd7 21. Qxg4 fxg4 22. Ne1 Rh8 23. Nc2 a5 24. Ne3 Rg8 25. a3 a4 26. Kc2 Na5 27.
Kd3 Nb3 28. Rh1 b5 29. Rh4 g3 30. f3 Na5 31. Rg4 Rc8 32. Rxg3 Nc4 33. Nxc4
bxc4+ 34. Kc2 Rb8 35. f4 Ke7 36. Rh3 Rg8 37. g3 Kf8 38. Kc3 Kg7 39. Rh4 Rb8 40.
Rg4+ Kf8 41. Kc2 Rb3 42. Rg5 Rd3 43. g4 Rxd4 44. f5 exf5 45. gxf5 Re4 46. f6 d4
47. Rh5 Ke8 48. Kd2 Kd7 49. e6+ Kxe6 50. Ra5 Kxf6 51. Rxa4 c3+ 52. Kd3 cxb2 53.
Rb4 Re3+ 54. Kxd4 Rxa3 55. Rxb2 Rg3 56. Ke4 Kg5 57. Rb5+ Kg6 58. Kf4 Rg2 59.
Rb8 Ra2 60. Rg8+ Kf6 61. Rb8 Kg7 62. Rb7 Kg6 63. Rb8 Rf2+ 64. Kg3 Rf1 65. Kg2
Rf4 66. Kg3 Rf1 67. Kg2 Rf5 68. Kg3 Kf6 69. Rb6+ Kg5 70. Rb8 Rf1 71. Kg2 Rf4
72. Kg3 Rf1 73. Kg2 Rf6 74. Kg3 Ra6 75. Rg8+ Kf5 76. Rb8 Ra5 77. Rc8 f6 78. Re8
Ra3+ 79. Kg2 Kf4 80. Rf8 f5 81. Kf2 Ra2+ 82. Kf1 Ke4 83. Re8+ Kf3 84. Kg1 f4
85. Rf8 Ra1+ 86. Kh2 Rf1 87. Rf7 Rf2+ 88. Kg1 Rd2 89. Rf8 Rd3 90. Rf7 Rd1+ 91.
Kh2 Rf1 92. Rf8 Ke2 93. Re8+ Kf2 94. Rf8 f3 95. Rf7 Re1 96. Rf8 Re7 97. Kh3 Rg7
98. Rf6 Ke2 99. Re6+ Kf1 100. Ra6 f2 101. Ra1+ Ke2 102. Ra2+ Ke3 103. Ra3+ Ke4
104. Ra4+ Ke5 105. Ra5+ Ke6 106. Ra6+ Ke7 107. Ra7+ Ke8 108. Ra8+ Kf7 109. Ra7+
Kf6 110. Ra6+ Kg5 111. Ra5+ Kg6 112. Ra6+ Kh7 113. Rf6 1/2-1/2

[Event "VI Weekend A"]
[Site "Porto Sant'Elpidio ITA"]
[Date "2003.11.23"]
[Round "5"]
[White "Rastelli, Michele"]
[Black "Fioravanti, Emidio"]
[Result "0-1"]
[WhiteElo "1837"]
[BlackElo "1813"]
[PlyCount "94"]
[EventDate "2003.11.15"]

1. d4 Nf6 2. Nf3 e6 3. Bg5 d5 4. Nbd2 Be7 5. e3 c5 6. c3 Nbd7 7. Bd3 c4 8. Bc2
b5 9. e4 dxe4 10. Nxe4 Bb7 11. Qe2 Rc8 12. Bf4 Nb6 13. Nxf6+ Bxf6 14. O-O Nd5
15. Bg3 b4 16. cxb4 O-O 17. Be4 Qb6 18. Be5 Be7 19. a3 a5 20. bxa5 Qxa5 21.
Rfc1 f5 22. Bxd5 Bxd5 23. Rc3 Bb4 24. Ng5 Be7 25. Qh5 Bxg5 26. Qxg5 Rf7 27. Rg3
Qa7 28. Qh5 f4 29. Rh3 Be4 30. Rc1 Qb7 31. Rhc3 Qxb2 32. d5 exd5 33. Qd1 Re8
34. Bd4 Qb7 35. f3 Bd3 36. g3 fxg3 37. hxg3 Qb8 38. f4 Qb5 39. Qg4 Bf5 40. Qf3
Re4 41. Be5 Bg6 42. Qd1 Qb6+ 43. Kg2 Rxe5 44. fxe5 Rf2+ 45. Kh3 Bf5+ 46. g4
Qh6+ 47. Kg3 Qh2# 0-1

[Event "VI Weekend A"]
[Site "Porto Sant'Elpidio ITA"]
[Date "2003.11.23"]
[Round "5"]
[White "Rinaudo, Sergio"]
[Black "Bartolozzi, Roberto"]
[Result "1/2-1/2"]
[WhiteElo "1921"]
[BlackElo "2066"]
[PlyCount "113"]
[EventDate "2003.11.15"]

1. d4 e6 2. Nf3 Nf6 3. Bg5 d5 4. Nbd2 Nbd7 5. c3 Be7 6. e3 c5 7. Bd3 b6 8. O-O
Bb7 9. Qa4 O-O 10. Ne5 Nxe5 11. dxe5 Ne4 12. Bxe7 Qxe7 13. Nxe4 dxe4 14. Bxe4
Rfd8 15. Rad1 b5 16. Qc2 g6 17. Rd6 Bd5 18. Rd1 Rxd6 19. exd6 Qxd6 20. Bxd5
exd5 21. Qd3 Rd8 22. Qxb5 Rb8 23. Qe2 a5 24. b3 h5 25. h3 Qe5 26. Qd3 Rd8 27.
Rc1 Qc7 28. Qb5 Rb8 29. Qa4 Rd8 30. Rd1 Kg7 31. Qb5 Rb8 32. Qd3 Rd8 33. c4 d4
34. exd4 cxd4 35. Qe4 Qd6 36. g3 Rd7 37. Kg2 d3 38. Rd2 Kg8 39. Qa8+ Kh7 40.
Qxa5 Qc6+ 41. Kh2 h4 42. Qg5 hxg3+ 43. Qxg3 Qe4 44. Qe3 Qf5 45. b4 Re7 46. Qxd3
Qf4+ 47. Kg2 Re5 48. Rd1 Rg5+ 49. Kf1 Qh2 50. Qf3 Rg1+ 51. Ke2 Qe5+ 52. Kd3
Qd6+ 53. Kc2 Rxd1 54. Qxd1 Qxb4 55. Qd5 Qa4+ 56. Kd3 Qa3+ 57. Kd4 1/2-1/2

[Event "VI Weekend A"]
[Site "Porto Sant'Elpidio ITA"]
[Date "2003.11.23"]
[Round "6"]
[White "Di Martino, Antonio"]
[Black "Rastelli, Michele"]
[Result "0-1"]
[WhiteElo "2053"]
[BlackElo "1837"]
[PlyCount "120"]
[EventDate "2003.11.15"]

1. e4 e6 2. d4 d5 3. Nd2 c5 4. c3 Nc6 5. exd5 exd5 6. Ngf3 Nf6 7. dxc5 Bxc5 8.
Nb3 Bb6 9. Bd3 O-O 10. O-O Qd6 11. Nbd4 Nxd4 12. Nxd4 Bg4 13. Be2 Bc7 14. g3
Bxe2 15. Qxe2 Rfe8 16. Qf3 Qd7 17. Be3 Re4 18. Rfd1 Rae8 19. Rd2 Ng4 20. Nc2
Ne5 21. Qxe4 dxe4 22. Rxd7 Nxd7 23. Rd1 Ne5 24. Rd5 b6 25. Kg2 Rd8 26. Nb4 Rxd5
27. Nxd5 Bd6 28. b3 f5 29. c4 Kf7 30. Nc3 Bc5 31. Bxc5 bxc5 32. Nb5 a6 33. Nc7
a5 34. Kf1 Ke7 35. Ke2 Nd3 36. Nd5+ Kd6 37. Ke3 Nb4 38. Nxb4 axb4 39. Kf4 Ke6
40. h4 Kf6 41. g4 g6 42. h5 g5+ 43. Ke3 Ke5 44. gxf5 Kxf5 45. f3 exf3 46. Kxf3
h6 47. Kg3 g4 48. Kf2 Kg5 49. Kg3 Kxh5 50. Kf4 Kh4 51. Ke4 g3 52. Kd5 g2 53.
Kxc5 g1=Q+ 54. Kxb4 Qb6+ 55. Kc3 Qa5+ 56. b4 Qxa2 57. c5 Qa6 58. Kd4 Qb5 59.
Kd5 Qxb4 60. c6 Qb8 0-1

[Event "VI Weekend A"]
[Site "Porto Sant'Elpidio ITA"]
[Date "2003.11.23"]
[Round "6"]
[White "Fioravanti, Emidio"]
[Black "Rotoni, Matteo"]
[Result "0-1"]
[WhiteElo "1813"]
[BlackElo "2105"]
[PlyCount "118"]
[EventDate "2003.11.15"]

1. e4 e6 2. d4 d5 3. e5 c5 4. c3 Nc6 5. Nf3 Qb6 6. Bd3 cxd4 7. cxd4 Bd7 8. O-O
Nxd4 9. Nxd4 Qxd4 10. Nc3 a6 11. Qe2 Ne7 12. Kh1 Nc6 13. f4 Nb4 14. Rd1 Bc5 15.
Bxa6 Qf2 16. Qxf2 Bxf2 17. Bb5 Bxb5 18. Nxb5 Kd7 19. Nd6 f6 20. Ne4 Bb6 21.
exf6 gxf6 22. Nxf6+ Ke7 23. Nh5 Rxa2 24. Rxa2 Nxa2 25. Bd2 Rc8 26. f5 exf5 27.
Ra1 Rc2 28. Bg5+ Kf7 29. h4 Rxb2 30. Rf1 Bf2 31. Nf4 Nc3 32. Nd3 Ne4 33. g4
Ng3+ 34. Kg2 Nxf1 35. Nxb2 Be3 36. Bd8 Bd4 37. Nd1 Ne3+ 38. Nxe3 Bxe3 39. gxf5
h5 40. Kf3 Bd4 41. Kf4 Bf6 42. Bb6 Ke7 43. Bc5+ Kd7 44. Bb4 Kc6 45. Bf8 Kd7 46.
Bc5 b5 47. Ke3 Bxh4 48. Bd4 Bg5+ 49. Kd3 Ke7 50. Bc5+ Kf6 51. Kd4 Kxf5 52. Kxd5
Bd2 53. Bf2 Kg4 54. Kc5 b4 55. Kc4 h4 56. Kd3 h3 57. Bg1 Bf4 58. Kc4 Kf3 59.
Kxb4 Kg2 0-1

[Event "VI Weekend A"]
[Site "Porto Sant'Elpidio ITA"]
[Date "2003.11.23"]
[Round "6"]
[White "Luzi, Alessandro"]
[Black "Fioravanti, Diego"]
[Result "1-0"]
[WhiteElo "1759"]
[BlackElo "1879"]
[PlyCount "115"]
[EventDate "2003.11.15"]

1. e4 e5 2. Nf3 Nc6 3. d4 exd4 4. c3 dxc3 5. Bc4 Nf6 6. e5 d5 7. Bb3 cxb2 8.
Bxb2 Bb4+ 9. Nbd2 Ne4 10. O-O Bg4 11. Nxe4 dxe4 12. Qxd8+ Rxd8 13. Ng5 Bh5 14.
e6 f6 15. Nxe4 Ke7 16. a3 Bd6 17. f4 f5 18. Ng3 Bc5+ 19. Kh1 Bg6 20. Bxg7 Rhg8
21. Bh6 Rd2 22. Rad1 Rxd1 23. Rxd1 Nd4 24. Bg5+ Ke8 25. Ne2 h6 26. Bh4 Nc6 27.
e7 Bxe7 28. Bxe7 Nxe7 29. Bxg8 Nxg8 30. Nd4 a6 31. Ne6 c6 32. Nc5 Ne7 33. Nxb7
Nd5 34. g3 Bh5 35. Re1+ Kd7 36. Nc5+ Kc7 37. Nxa6+ Kb6 38. Nb4 Nc3 39. Re6 Bf3+
40. Kg1 h5 41. Re3 Ne2+ 42. Kf2 c5 43. Rxf3 Nd4 44. Nd5+ Kc6 45. Ne7+ Kd6 46.
Re3 c4 47. Ng6 Kd5 48. Ne5 Nb5 49. a4 Nd6 50. a5 Nb5 51. a6 c3 52. Rxc3 Ke4 53.
Rc4+ Kd5 54. Ra4 Na7 55. Nf3 Ke6 56. Ne5 Kf6 57. Nc6 Nb5 58. a7 1-0

[Event "VI Weekend A"]
[Site "Porto Sant'Elpidio ITA"]
[Date "2003.11.23"]
[Round "6"]
[White "Miandro, Roberto"]
[Black "Di Lascio, Savino"]
[Result "1/2-1/2"]
[WhiteElo "1936"]
[BlackElo "2101"]
[PlyCount "122"]
[EventDate "2003.11.15"]

1. c4 Nf6 2. Nf3 b6 3. d3 g6 4. g3 Bg7 5. Bg2 Bb7 6. e4 d6 7. Nc3 Nbd7 8. Bd2
h5 9. h3 Ne5 10. Qe2 Nfd7 11. O-O Nc5 12. Ne1 Nc6 13. Be3 Bd4 14. Nf3 e5 15.
Nd5 f6 16. Bxd4 exd4 17. Ne1 Ne5 18. f4 Nf7 19. Nb4 Nd7 20. Nf3 a5 21. Nc2 c5
22. Nh4 Nf8 23. b3 Kd7 24. Qd1 Nh6 25. a3 Rg8 26. Kh2 Kc7 27. b4 Nd7 28. b5 f5
29. exf5 gxf5 30. Bxb7 Kxb7 31. Qf3+ Ka7 32. Rae1 Nf6 33. Re6 Rc8 34. Rfe1 Rc7
35. a4 Rgg7 36. R1e2 Rgf7 37. Re1 Qd7 38. Kg2 d5 39. Na3 Nhg8 40. R1e2 dxc4 41.
Nxc4 Nd5 42. Re8 Nge7 43. Rh8 Rc8 44. Rxc8 Nxc8 45. Re1 Ne3+ 46. Nxe3 dxe3 47.
Rxe3 Qd4 48. Ng6 Qxa4 49. Qc6 Kb8 50. Ne5 Qd4 51. Qf3 Rc7 52. Nc6+ Rxc6 53.
bxc6 a4 54. Re2 b5 55. Qxh5 Qxd3 56. Qe8 Qd5+ 57. Kf2 Kc7 58. h4 a3 59. Qh8 b4
60. h5 b3 61. h6 a2 1/2-1/2